| 000 | 00771nam a22002177a 4500 | ||
|---|---|---|---|
| 999 |
_c3242 _d3242 |
||
| 001 | 2850 | ||
| 003 | BD-DhUAP | ||
| 005 | 20200303110253.0 | ||
| 008 | 200303s1997 enka|||| b||| 001 0 eng d | ||
| 020 | _a9780500050859 | ||
| 040 |
_aBD-DhUAP _bEng _cBD-DhUAP _dBD-DhUAP |
||
| 082 |
_223 _a930.102856 VIR |
||
| 245 |
_aVirtual archaeology : _bgreat discoveries brought to life through virtual reality / _cForeword by Colin Renfrew. |
||
| 260 |
_aLondon : _bThames & Hudson, _c©1997. |
||
| 300 |
_a294 pages : _billustrations ; _c30 cm. |
||
| 504 | _aInclude bibliographical references and index. | ||
| 650 | _aExcavations (Archaeology). | ||
| 650 |
_aExcavations (Archaeology) _vComputer simulation. |
||
| 650 | _aAerial photography in archaeology. | ||
| 942 |
_2ddc _cBK |
||